Small animal surgery / (Record no. 2406)

MARC details
000 -LEADER
fixed length control field 00737cam a22002058i 4500
008 - FIXED-LENGTH DATA ELEMENTS--GENERAL INFORMATION
fixed length control field 180108s2019 pau b 001 0 eng
020 ## - INTERNATIONAL STANDARD BOOK NUMBER
ISBN 9780323443449 (hardcover : alk. paper)
100 1# - MAIN ENTRY--AUTHOR
Author Fossum, Theresa Welch,
245 10 - TITLE STATEMENT
Title Small animal surgery /
Statement of responsibility, etc Theresa Welch Fossum ; illustrator, Laura Pardi Duprey.
250 ## - EDITION STATEMENT
Edition statement 5.
260 ## - PUBLICATION, DISTRIBUTION, ETC. (IMPRINT)
Place of publication Philadelpia
Name of publisher Elsevier Ltd
Date of publication 2019
300 ## - COLLATION
Pagination p. ;
500 ## - GENERAL NOTE
General note Preceded by Small animal surgery / [edited by] Theresa Welch Fossum ; Laura Pardi Duprey, Theodore G. Huff, medical illustrators. 4th ed. 2013.
650 12 - TRACINGS
Main Subject Surgery, Veterinary
650 22 - TRACINGS
Main Subject Animal Diseases
Subdivision (2nd) surgery
650 22 - TRACINGS
Main Subject Animals, Domestic
Subdivision (2nd) surgery
942 ## - ADDED ENTRY ELEMENTS (KOHA)
Item type Books
050 00 - LIBRARY OF CONGRESS CALL NUMBER
Classification number SF911
Item number .f67
082 00 - DEWEY DECIMAL CLASSIFICATION NUMBER
Classification number 636.089/7
Holdings
Source of classification or shelving scheme Not for loan Permanent location Current location Date acquired Accession No. Full call number Barcode. Koha item type
Library of Congress Classification   Samuel Ogbemudia Main Library, University of Abuja Samuel Ogbemudia Main Library, University of Abuja 03/18/2025 2024/64178 SF911.F67 2025-0672 Books